10 Famous People from Lithuania - Statistics

General Stats
  • This quiz has been taken 44 times
  • The average score is 5 of 10
Answer Stats
Hint Answer % Correct
Basketball legend who played for Žalgiris, Real Madrid and Portland {Arvydas} Sabonis
86%
Basketball player and two time NBA All-Star {Domantas} Sabonis
68%
First known Grand Duke of Lithuania and the only crowned King of Lithuania Mindaugas
57%
First female president of Lithuania popularly known as Lithuania’s Iron Lady Dalia Grybauskaitė
49%
Discus thrower and politician who won medals at the 2000, 2004 and 2008 Olympics Virgilijus Alekna
46%
Powerlifter and professional strongman widely considered to be the greatest strength athlete of all time Žydrūnas Savickas
46%
Basketball player who became the first Soviet player to join the NBA in 1989 Šarūnas Marčiulionis
35%
"Architect of Lithuanian independence" and a major force behind the collapse of Soviet Union Vytautas Landsbergis
35%
Ice hockey right winger and centre who was the first Lithuanian to have played 1,000 games in the NHL Dainuis Zubrus
19%
Lithuanian-American ice hockey defenceman who played in the NHL Darius Kasparaitis
19%
No matching quizzes found
Score Distribution
Percent of People with Each Score
Percentile by Number Answered
Your Score History
You have not taken this quiz